[Event "Muswell Hill IM"]
[Site "London"]
[Date "2021.08.11"]
[Round "5.3"]
[White "Czopor, Maciej"]
[Black "Webb, Laurence E"]
[Result "1-0"]
[WhiteElo "2376"]
[BlackElo "2293"]
[PlyCount "101"]
[EventDate "2021.08.09"]
[EventType "tourn"]
[EventRounds "9"]
[EventCountry "ENG"]

1. c4 e5 2. Nc3 Nf6 3. e3 Bb4 4. Qc2 O-O 5. a3 Bxc3 6. Qxc3 Re8 7. d3 c6 8. Nf3
d5 9. Be2 e4 10. dxe4 dxe4 11. Nd4 c5 12. Nb3 b6 13. Bd2 Nc6 14. O-O-O a5 15.
f4 Bg4 16. Be1 Qe7 17. Bxg4 Nxg4 18. h3 Nh6 19. Rd5 Rad8 20. g4 a4 21. Nd2 Rxd5
22. cxd5 Na5 23. Nc4 Nb3+ 24. Kb1 Qd8 25. Kc2 b5 26. Na5 Qxd5 27. Nxb3 axb3+
28. Qxb3 c4 29. Qc3 Rd8 30. Bd2 f5 31. g5 Nf7 32. Qa5 b4 33. Qxb4 Nd6 34. Re1
Nb7 35. Bc3 Nc5 36. Kb1 Kf7 37. Qb6 Nb3 38. Ka2 Rd6 39. Qb4 Kg6 40. Be5 Rd7 41.
Qb6+ Kf7 42. Rg1 Qe6 43. g6+ hxg6 44. Qxe6+ Kxe6 45. Rxg6+ Kd5 46. Rxg7 Rd8 47.
h4 Nc1+ 48. Kb1 Nd3 49. Bc3 Ke6 50. h5 Nc5 51. Rg1 1-0

[Event "Muswell Hill IM"]
[Site "London"]
[Date "2021.08.11"]
[Round "5.4"]
[White "Grieve, Harry"]
[Black "Cherniaev, Alexander"]
[Result "1/2-1/2"]
[WhiteElo "2282"]
[BlackElo "2438"]
[PlyCount "84"]
[EventDate "2021.08.09"]
[EventType "tourn"]
[EventRounds "9"]
[EventCountry "ENG"]

1. e4 g6 2. d4 d6 3. Bc4 Nf6 4. Qe2 Nc6 5. Nf3 Bg4 6. Bb5 Nd7 7. c3 e5 8. Nbd2
Bg7 9. h3 Bxf3 10. Nxf3 O-O 11. O-O exd4 12. Bxc6 d3 13. Qxd3 bxc6 14. Re1 Qb8
15. Qc2 Re8 16. Bf4 a5 17. Re2 a4 18. Rae1 Qb5 19. Nd4 Qa6 20. Qd2 Rab8 21. Bh6
Bh8 22. h4 c5 23. Nf5 Qc6 24. f3 Ne5 25. Ne3 c4 26. Nd5 Nd3 27. Rb1 Re6 28. g4
Rbe8 29. Be3 Qb7 30. Rd1 c6 31. Nf4 Nxf4 32. Bxf4 d5 33. Rde1 a3 34. exd5 cxd5
35. bxa3 Qe7 36. Rxe6 fxe6 37. Be5 Bxe5 38. Rxe5 Qxh4 39. Kg2 Qe7 40. Qe3 Kf7
41. Qh6 Kg8 42. Qe3 Kf7 1/2-1/2

[Event "Muswell Hill IM"]
[Site "London"]
[Date "2021.08.11"]
[Round "5.5"]
[White "Wall, Gavin"]
[Black "Balaji, Aaravamudhan"]
[Result "1-0"]
[WhiteElo "2326"]
[BlackElo "2273"]
[PlyCount "69"]
[EventDate "2021.08.09"]
[EventType "tourn"]
[EventRounds "9"]
[EventCountry "ENG"]

1. e4 g6 2. d4 Bg7 3. h4 d5 4. exd5 Qxd5 5. Ne2 Nf6 6. Nbc3 Qh5 7. Bf4 c6 8.
Qd2 h6 9. Be5 Nbd7 10. Nf4 Qf5 11. Bd3 Qg4 12. Be2 Qf5 13. g4 Nxg4 14. Bxg7 Rh7
15. f3 Nf2 16. Kxf2 Rxg7 17. Bd3 Qa5 18. Rae1 Qb4 19. Qe3 Nf6 20. Qe5 Kf8 21.
a3 Qd6 22. Qxd6 exd6 23. Ne4 Ne8 24. c4 Bf5 25. Ng3 Bd7 26. h5 g5 27. Ng2 g4
28. f4 Be6 29. Ne3 Rg8 30. d5 cxd5 31. cxd5 Bd7 32. Bf5 Nf6 33. Bxd7 Nxd7 34.
Nef5 Nc5 35. Re3 1-0

[Event "Muswell Hill IM"]
[Site "London"]
[Date "2021.08.12"]
[Round "6.1"]
[White "Murphy, Conor E"]
[Black "Balaji, Aaravamudhan"]
[Result "1/2-1/2"]
[WhiteElo "2382"]
[BlackElo "2273"]
[PlyCount "116"]
[EventDate "2021.08.09"]
[EventType "tourn"]
[EventRounds "9"]
[EventCountry "ENG"]

1. e4 e5 2. Nf3 Nc6 3. Bc4 Nf6 4. d3 Be7 5. O-O O-O 6. Re1 d6 7. a4 Be6 8. Bxe6
fxe6 9. c3 a5 10. Na3 Qd7 11. Nb5 Rae8 12. d4 exd4 13. Nbxd4 Nxd4 14. Nxd4 Bd8
15. Nb3 c6 16. f3 e5 17. Be3 Kh8 18. Qc2 Nh5 19. Rad1 Qe6 20. Nc1 Qg6 21. Rf1
Rf7 22. Qd2 Re6 23. Nd3 h6 24. c4 Bg5 25. Bxg5 hxg5 26. Nf2 Nf6 27. Qxa5 g4 28.
Rd3 g3 29. hxg3 Qxg3 30. f4 Qxf4 31. Rf3 Qg5 32. Qd8+ Re8 33. Qxd6 Rd7 34. Qb4
Red8 35. c5 Rf7 36. Qb3 Rfd7 37. Rf5 Qh4 38. g3 Qh7 39. Kg2 Qg8 40. Rh1+ Nh7
41. Qxg8+ Kxg8 42. Rxe5 Nf6 43. Kf3 Rd2 44. Rf5 Rf8 45. e5 Rxf2+ 46. Kxf2 Ng4+
47. Kf3 Rxf5+ 48. Kxg4 Rxe5 49. Rc1 Re4+ 50. Kf5 Rxa4 51. Ke6 Rd4 52. Rc3 Kh7
53. Rb3 Rd5 54. Rxb7 Rxc5 55. Rb3 Rc2 56. Kf5 Rc5+ 57. Ke4 Kg6 58. Rf3 Kg5
1/2-1/2

[Event "Muswell Hill IM"]
[Site "London"]
[Date "2021.08.12"]
[Round "6.2"]
[White "Cherniaev, Alexander"]
[Black "Wall, Gavin"]
[Result "1/2-1/2"]
[WhiteElo "2438"]
[BlackElo "2326"]
[PlyCount "90"]
[EventDate "2021.08.09"]
[EventType "tourn"]
[EventRounds "9"]
[EventCountry "ENG"]

1. d4 f5 2. h3 b6 3. g4 Bb7 4. d5 e6 5. Bg2 Nf6 6. gxf5 Bxd5 7. e4 Nxe4 8. Qh5+
g6 9. fxg6 Bg7 10. gxh7+ Kf8 11. Qe2 Qh4 12. Nf3 Qxh7 13. Na3 Bf6 14. Nc4 Bxc4
15. Qxc4 d5 16. Qe2 Qg7 17. O-O Rxh3 18. Nd2 Nc6 19. c3 Ke7 20. Nxe4 dxe4 21.
Bf4 Be5 22. Bg3 Rxg3 23. fxg3 Qxg3 24. Qh5 Rh8 25. Rf7+ Kd8 26. Rh7 Rxh7 27.
Qxh7 Bd6 28. Qh3 Qg6 29. Qh4+ Ne7 30. Qxe4 Bc5+ 31. Kf1 Nf5 32. Rd1+ Ke7 33.
Rd3 Ng3+ 34. Rxg3 Qxg3 35. Qh7+ Kd6 36. Qc2 Qe3 37. Be4 Ke5 38. Bd3 Qf3+ 39.
Ke1 Bf2+ 40. Kf1 Qg3 41. Qe2+ Kd6 42. Qe4 Bc5 43. Ke2 Qf2+ 44. Kd1 Qxb2 45. Bc4
c6 1/2-1/2

[Event "Muswell Hill IM"]
[Site "London"]
[Date "2021.08.12"]
[Round "6.3"]
[White "Webb, Laurence E"]
[Black "Grieve, Harry"]
[Result "1-0"]
[WhiteElo "2293"]
[BlackElo "2282"]
[PlyCount "103"]
[EventDate "2021.08.09"]
[EventType "tourn"]
[EventRounds "9"]
[EventCountry "ENG"]

1. d4 d5 2. c4 e6 3. Nc3 c6 4. e4 dxe4 5. Nxe4 Bb4+ 6. Nc3 e5 7. a3 Ba5 8. Be3
exd4 9. Qxd4 Qxd4 10. Bxd4 f6 11. Nf3 Ne7 12. b4 Bc7 13. Ne4 O-O 14. O-O-O b6
15. Bc3 Be6 16. Bd3 Ng6 17. Rhe1 Bg4 18. Ned2 Nf4 19. Bf1 Nd7 20. h3 Bf5 21.
Nd4 Ne5 22. Nxf5 Nfd3+ 23. Bxd3 Nxd3+ 24. Kc2 Nxe1+ 25. Rxe1 Rfe8 26. Re7 Rxe7
27. Nxe7+ Kf7 28. Nxc6 Re8 29. Nxa7 Re2 30. Nb5 Bf4 31. g3 Bxd2 32. Bxd2 Rxf2
33. a4 Ke6 34. a5 bxa5 35. bxa5 Kd7 36. a6 Rf1 37. a7 Ra1 38. Bc3 Ra6 39. Kd3
Kc6 40. Bd4 h5 41. Ke4 Ra4 42. Nc3 Ra1 43. Nd5 Ra3 44. Ne3 g6 45. Nd5 Kb7 46.
Nc3 Kc6 47. h4 Ra1 48. Nd5 f5+ 49. Ke5 Ra3 50. Nc3 Kb7 51. Kd5 Rb3 52. Nb5 1-0

[Event "Muswell Hill IM"]
[Site "London"]
[Date "2021.08.12"]
[Round "6.4"]
[White "Blackburn, Jonathan L B"]
[Black "Czopor, Maciej"]
[Result "1/2-1/2"]
[WhiteElo "2235"]
[BlackElo "2376"]
[PlyCount "44"]
[EventDate "2021.08.09"]
[EventType "tourn"]
[EventRounds "9"]
[EventCountry "ENG"]

1. d4 Nf6 2. c4 e6 3. Nc3 Bb4 4. e3 d5 5. Nf3 O-O 6. Bd3 c5 7. O-O Nc6 8. cxd5
exd5 9. dxc5 Bxc5 10. h3 Re8 11. b3 a6 12. Bb2 Qd6 13. Rc1 Ba7 14. Ne2 Bd7 15.
Bb1 Rad8 16. Ng3 Bxe3 17. Bxf6 gxf6 18. Qd3 Qxg3 19. Qxh7+ Kf8 20. fxe3 Ke7 21.
Qh4 Rg8 22. Qxg3 Rxg3 1/2-1/2

[Event "Muswell Hill IM"]
[Site "London"]
[Date "2021.08.12"]
[Round "6.5"]
[White "Villiers, Thomas"]
[Black "Wadsworth, Matthew J"]
[Result "0-1"]
[WhiteElo "2165"]
[BlackElo "2416"]
[PlyCount "80"]
[EventDate "2021.08.09"]
[EventType "tourn"]
[EventRounds "9"]
[EventCountry "ENG"]

1. d4 Nf6 2. g4 d5 3. g5 Ne4 4. Bg2 e6 5. f3 Nd6 6. e4 Be7 7. Nh3 h6 8. gxh6
Bh4+ 9. Nf2 Bxf2+ 10. Kxf2 Qh4+ 11. Kf1 b6 12. Nc3 Ba6+ 13. Kg1 gxh6 14. Be3
Rg8 15. Qe1 Qh3 16. Qf2 Nd7 17. Bf4 O-O-O 18. Bg3 Qh5 19. Qe3 Rg7 20. Kf2 Rdg8
21. Bf1 Bxf1 22. Raxf1 dxe4 23. fxe4 Rg4 24. Ke1 e5 25. dxe5 Nxe5 26. Bxe5 Qxe5
27. h3 Rg3 28. Qe2 Qd4 29. Rf3 Nc4 30. Nb5 Qc5 31. b3 Rxf3 32. Qxf3 Ne5 33.
Qf5+ Kb7 34. Na3 Qe3+ 35. Kf1 Qc1+ 36. Kf2 Qd2+ 37. Kf1 Qg2+ 38. Ke1 Nf3+ 39.
Qxf3 Qxf3 40. Nb5 Rg2 0-1

[Event "Muswell Hill IM"]
[Site "London"]
[Date "2021.08.12"]
[Round "7.1"]
[White "Wadsworth, Matthew J"]
[Black "Murphy, Conor E"]
[Result "1/2-1/2"]
[WhiteElo "2416"]
[BlackElo "2382"]
[PlyCount "70"]
[EventDate "2021.08.09"]
[EventType "tourn"]
[EventRounds "9"]
[EventCountry "ENG"]

1. c4 e6 2. g3 d5 3. Bg2 Nf6 4. Nf3 d4 5. O-O c5 6. e3 Nc6 7. d3 h6 8. Na3 e5
9. exd4 exd4 10. Bf4 Bd6 11. Re1+ Be6 12. Ne5 Nxe5 13. Bxe5 O-O 14. Bxf6 Qxf6
15. Qf3 Qxf3 16. Bxf3 Rad8 17. Be4 Bc7 18. f4 Ba5 19. f5 Bd7 20. Rf1 Rfe8 21.
Nc2 b5 22. b4 Bxb4 23. Nxb4 cxb4 24. cxb5 Bxb5 25. Rfb1 a5 26. a3 Rc8 27. axb4
a4 28. Rc1 Rc3 29. Rxc3 dxc3 30. Kf2 Rc8 31. Ke2 Kf8 32. Kd1 c2+ 33. Kd2 a3 34.
Kc1 Rc3 35. Kd2 Rc7 1/2-1/2

[Event "Muswell Hill IM"]
[Site "London"]
[Date "2021.08.12"]
[Round "7.2"]
[White "Czopor, Maciej"]
[Black "Villiers, Thomas"]
[Result "1-0"]
[WhiteElo "2376"]
[BlackElo "2165"]
[PlyCount "85"]
[EventDate "2021.08.09"]
[EventType "tourn"]
[EventRounds "9"]
[EventCountry "ENG"]

1. e4 Nf6 2. e5 Nd5 3. d4 d6 4. Nf3 dxe5 5. Nxe5 c6 6. Bd3 Be6 7. h3 Nb4 8. c3
Nxd3+ 9. Qxd3 Nd7 10. Nf3 g6 11. O-O Bg7 12. Re1 O-O 13. Bg5 Re8 14. Nbd2 Bf5
15. Qe3 Qc7 16. Bh6 Nb6 17. c4 Rad8 18. b3 Bh8 19. Rad1 Qd7 20. Qf4 Bc2 21. Rc1
Bd3 22. Re3 Bxd4 23. Rxd3 Bxf2+ 24. Kxf2 Qxd3 25. Qe5 f6 26. Qe6+ Kh8 27. Qf7
Rg8 28. Qxe7 Rd6 29. Re1 Nc8 30. Qxb7 Qf5 31. Ne4 Rd7 32. Qxc6 Rf7 33. g4 Qa5
34. Nxf6 Ne7 35. Rxe7 Rxe7 36. Nxg8 Qxa2+ 37. Kg3 Kxg8 38. Qc8+ Kf7 39. Ng5+
Kf6 40. Qc6+ Ke5 41. Qd5+ Kf6 42. Qd6+ Re6 43. Qxe6# 1-0

[Event "Muswell Hill IM"]
[Site "London"]
[Date "2021.08.12"]
[Round "7.3"]
[White "Grieve, Harry"]
[Black "Blackburn, Jonathan L B"]
[Result "1-0"]
[WhiteElo "2282"]
[BlackElo "2235"]
[PlyCount "115"]
[EventDate "2021.08.09"]
[EventType "tourn"]
[EventRounds "9"]
[EventCountry "ENG"]

1. e4 e6 2. d4 d5 3. Nd2 Nc6 4. Ngf3 Nf6 5. e5 Nd7 6. Nb3 a5 7. a4 b6 8. h4 Ba6
9. Bxa6 Rxa6 10. h5 h6 11. Rh3 Ra8 12. Be3 Qc8 13. Nh4 Qb7 14. c3 b5 15. Nc1 b4
16. Nd3 bxc3 17. bxc3 Rb8 18. f4 Qb3 19. Qxb3 Rxb3 20. Kd2 Be7 21. Kc2 Rb8 22.
g4 Bxh4 23. Rxh4 Ne7 24. Rhh1 g6 25. Rag1 c5 26. dxc5 Kd8 27. Rg2 Kc7 28. hxg6
fxg6 29. Rgh2 h5 30. gxh5 Nf5 31. Bf2 gxh5 32. Rxh5 Rxh5 33. Rxh5 Rg8 34. Rg5
Rh8 35. Rg6 Rh2 36. Kb3 Rh3 37. Kc2 Rh2 38. Kd1 Rh1+ 39. Ke2 Ra1 40. Rxe6 Rxa4
41. c6 Nb8 42. Rf6 Ne7 43. Rf7 Nbxc6 44. Bh4 Kd8 45. Nc5 Rc4 46. Nb7+ Kd7 47.
Nxa5 Re4+ 48. Kd2 Ke8 49. Nxc6 Kxf7 50. Nxe7 Rxf4 51. Bf6 d4 52. c4 Rf3 53. Nd5
Rb3 54. Be7 Ke6 55. Bd6 Rf3 56. Nc7+ Kd7 57. c5 Re3 58. e6+ 1-0

[Event "Muswell Hill IM"]
[Site "London"]
[Date "2021.08.12"]
[Round "7.5"]
[White "Balaji, Aaravamudhan"]
[Black "Cherniaev, Alexander"]
[Result "0-1"]
[WhiteElo "2273"]
[BlackElo "2438"]
[PlyCount "76"]
[EventDate "2021.08.09"]
[EventType "tourn"]
[EventRounds "9"]
[EventCountry "ENG"]

1. d4 d6 2. c4 e5 3. d5 Be7 4. e4 Bg5 5. Nf3 Bxc1 6. Qxc1 Nf6 7. Bd3 Na6 8. Nc3
Nc5 9. Bc2 a5 10. O-O O-O 11. b3 Bg4 12. Qe3 Bxf3 13. Qxf3 Na6 14. a3 c5 15.
Qe2 Nd7 16. g3 Nc7 17. Kh1 Qf6 18. Nd1 g6 19. h4 h5 20. Ne3 Ne8 21. Ng2 Qe7 22.
f4 Nef6 23. f5 Ng4 24. Qd2 Kg7 25. Ne1 Ndf6 26. Rb1 b6 27. Bd3 Ra7 28. Nc2 Nh6
29. Qg5 Nh7 30. Qxe7 Rxe7 31. b4 axb4 32. axb4 gxf5 33. exf5 Nf6 34. bxc5 bxc5
35. Rb6 Rd8 36. Ne3 Nhg4 37. Nc2 Ra7 38. Rb2 Rda8 0-1

[Event "Muswell Hill IM"]
[Site "London"]
[Date "2021.08.13"]
[Round "8.1"]
[White "Murphy, Conor E"]
[Black "Cherniaev, Alexander"]
[Result "1-0"]
[WhiteElo "2382"]
[BlackElo "2438"]
[PlyCount "63"]
[EventDate "2021.08.09"]
[EventType "tourn"]
[EventRounds "9"]
[EventCountry "ENG"]

1. e4 d5 2. exd5 Nf6 3. d4 Nxd5 4. Nf3 g6 5. Be2 Bg7 6. O-O O-O 7. c4 Nf6 8.
Nc3 b6 9. Bf4 Bb7 10. Qd2 e6 11. Rad1 Nbd7 12. Nb5 a6 13. Nc3 Re8 14. Rfe1 Qc8
15. Ne5 c5 16. h4 Rd8 17. Qe3 cxd4 18. Rxd4 Nc5 19. Rxd8+ Qxd8 20. b4 Ncd7 21.
Nxf7 Kxf7 22. Bf3 e5 23. Bxb7 Ra7 24. Bd5+ Nxd5 25. Nxd5 Qxh4 26. Bg5 Qxc4 27.
Qf3+ Ke6 28. Rc1 Qxd5 29. Rc6+ Qxc6 30. Qxc6+ Kf7 31. Qd5+ Kf8 32. Qe6 1-0

[Event "Muswell Hill IM"]
[Site "London"]
[Date "2021.08.13"]
[Round "8.2"]
[White "Webb, Laurence E"]
[Black "Balaji, Aaravamudhan"]
[Result "0-1"]
[WhiteElo "2293"]
[BlackElo "2273"]
[PlyCount "174"]
[EventDate "2021.08.09"]
[EventType "tourn"]
[EventRounds "9"]
[EventCountry "ENG"]

1. d4 Nf6 2. c4 g6 3. Nc3 Bg7 4. e4 d6 5. Nf3 O-O 6. Be2 e5 7. dxe5 dxe5 8.
Qxd8 Rxd8 9. Bg5 Re8 10. Nd5 Nxd5 11. cxd5 c6 12. Bc4 cxd5 13. Bxd5 Nd7 14. Nd2
Nb6 15. Bb3 Be6 16. Bxe6 Rxe6 17. Rc1 Rc8 18. Rxc8+ Nxc8 19. Ke2 Rc6 20. Kd3 f5
21. f3 f4 22. Nb3 Kf7 23. Bh4 Ke6 24. Rc1 Rxc1 25. Nxc1 Bf8 26. Bf2 b6 27. Kc3
h5 28. Nd3 g5 29. a4 a6 30. b3 Be7 31. Nb2 Bc5 32. Bxc5 bxc5 33. b4 cxb4+ 34.
Kxb4 g4 35. Nd3 Nd6 36. Ka5 g3 37. h3 Nxe4 38. Kxa6 Nd2 39. Ne1 Kd5 40. Kb5 Nc4
41. Kb4 Kd4 42. h4 Kd5 43. Kc3 Kc5 44. Kd3 Kd5 45. Ke2 Kd4 46. Nd3 Kd5 47. Kf1
Kd4 48. Nb4 Kc5 49. Nc2 Nb2 50. a5 Kb5 51. a6 Kxa6 52. Nb4+ Kb5 53. Nd5 Nc4 54.
Nf6 Ne3+ 55. Kg1 Kc6 56. Nxh5 Nf5 57. Nf6 Nxh4 58. Kf1 Kc5 59. Ng4 Kd4 60. Nf6
Nf5 61. Kg1 Ne3 62. Nd7 Nc4 63. Nf6 Kd3 64. Kf1 Ne3+ 65. Kg1 Ke2 66. Ne4 Nd1
67. Ng5 Nf2 68. Nh7 Nd3 69. Nf8 Ke1 70. Ng6 Ke2 71. Nf8 Nc5 72. Ng6 Nd7 73. Ne7
Nf8 74. Nd5 Ne6 75. Nc3+ Ke1 76. Nd5 Nd4 77. Ne7 Ne2+ 78. Kh1 Kf1 79. Nd5 Ng1
80. Nxf4 Kf2 81. Nd3+ Kf1 82. Nf4 Ne2 83. Nd3 Nc3 84. Nf4 Nd1 85. Nd3 Nf2+ 86.
Nxf2 Kxf2 87. f4 e4 0-1

[Event "Muswell Hill IM"]
[Site "London"]
[Date "2021.08.13"]
[Round "8.3"]
[White "Blackburn, Jonathan L B"]
[Black "Wall, Gavin"]
[Result "1/2-1/2"]
[WhiteElo "2235"]
[BlackElo "2326"]
[PlyCount "72"]
[EventDate "2021.08.09"]
[EventType "tourn"]
[EventRounds "9"]
[EventCountry "ENG"]

1. d4 f5 2. g3 Nf6 3. Bg2 g6 4. Nh3 Bg7 5. Nf4 O-O 6. h4 Bh8 7. c3 d5 8. Qb3 e6
9. Nd3 Nbd7 10. Bg5 Qe8 11. Bf4 c6 12. Qa3 Bg7 13. Nd2 h6 14. Bd6 Rf7 15. Ne5
Nxe5 16. dxe5 Ng4 17. Nf3 b6 18. Qa4 Bb7 19. h5 g5 20. Bh3 Nxf2 21. Kxf2 g4 22.
Nh4 gxh3 23. Ng6 c5 24. Qxe8+ Rxe8 25. Rxh3 Rd8 26. Rd1 Bf6 27. Nf4 Bc8 28. c4
d4 29. b4 Be7 30. bxc5 bxc5 31. Bc7 Re8 32. e3 Ba6 33. Rc1 Bg5 34. Bd6 Rb7 35.
exd4 cxd4 36. Rh2 Rb2+ 1/2-1/2

[Event "Muswell Hill IM"]
[Site "London"]
[Date "2021.08.13"]
[Round "8.4"]
[White "Villiers, Thomas"]
[Black "Grieve, Harry"]
[Result "0-1"]
[WhiteElo "2165"]
[BlackElo "2282"]
[PlyCount "52"]
[EventDate "2021.08.09"]
[EventType "tourn"]
[EventRounds "9"]
[EventCountry "ENG"]

1. d4 f5 2. Bg5 g6 3. Nc3 Bg7 4. e4 fxe4 5. Nxe4 d5 6. Nc3 Nh6 7. Bd3 Nf7 8.
Bh4 O-O 9. Nf3 Nc6 10. O-O Bg4 11. Re1 Nxd4 12. Bxe7 Bxf3 13. gxf3 Qd7 14. Bxf8
Rxf8 15. f4 Ng5 16. fxg5 Nf3+ 17. Kf1 Qh3+ 18. Ke2 Bxc3 19. Be4 Nd4+ 20. Qxd4
Bxd4 21. Bxd5+ Kh8 22. f3 c6 23. Be4 Rd8 24. c3 Qg2+ 25. Kd3 Be5+ 26. Kc4 Qxb2
0-1

[Event "Muswell Hill IM"]
[Site "London"]
[Date "2021.08.13"]
[Round "8.5"]
[White "Wadsworth, Matthew J"]
[Black "Czopor, Maciej"]
[Result "1/2-1/2"]
[WhiteElo "2416"]
[BlackElo "2376"]
[PlyCount "42"]
[EventDate "2021.08.09"]
[EventType "tourn"]
[EventRounds "9"]
[EventCountry "ENG"]

1. c4 b6 2. Nc3 Bb7 3. e4 e5 4. Nf3 Nc6 5. Be2 Bc5 6. O-O d6 7. d3 Nge7 8. a3
a5 9. Be3 O-O 10. Nd5 Nd4 11. Bxd4 Bxd4 12. Nxd4 exd4 13. Nxe7+ Qxe7 14. Bg4 a4
15. f4 c5 16. Qd2 Bc6 17. Rae1 f6 18. Rf3 Rae8 19. f5 Rb8 20. Rh3 b5 21. cxb5
Rxb5 1/2-1/2

[Event "Muswell Hill IM"]
[Site "London"]
[Date "2021.08.13"]
[Round "9.2"]
[White "Grieve, Harry"]
[Black "Wadsworth, Matthew J"]
[Result "1-0"]
[WhiteElo "2282"]
[BlackElo "2416"]
[PlyCount "91"]
[EventDate "2021.08.09"]
[EventType "tourn"]
[EventRounds "9"]
[EventCountry "ENG"]

1. e4 e6 2. d4 d5 3. Nd2 Be7 4. Ngf3 Nf6 5. e5 Nfd7 6. Bd3 c5 7. c3 Nc6 8. O-O
g5 9. Nb1 g4 10. Ne1 h5 11. Be3 Qb6 12. Nd2 a5 13. f4 c4 14. Nxc4 dxc4 15. Bxc4
Qc7 16. Bb5 Na7 17. Bd3 b5 18. a4 b4 19. c4 Nb6 20. Qe2 b3 21. Qf2 Bd8 22. f5
exf5 23. d5 Rf8 24. Rc1 Nxa4 25. Ra1 Qd7 26. Kh1 Nc6 27. Rxa4 Nxe5 28. Ra1 Be7
29. Qe2 f6 30. Rf4 a4 31. Bxf5 Qc7 32. Bxc8 Qxc8 33. c5 a3 34. Qb5+ Kf7 35.
Rxa3 Rxa3 36. bxa3 Qb8 37. Rb4 Qxb5 38. Rxb5 Nc4 39. Bd4 Re8 40. Nd3 Nxa3 41.
Rxb3 Nc2 42. Bg1 Bd8 43. d6 Ke6 44. Rc3 Na1 45. Ra3 Nc2 46. Ra2 1-0

[Event "Muswell Hill IM"]
[Site "London"]
[Date "2021.08.13"]
[Round "9.3"]
[White "Wall, Gavin"]
[Black "Villiers, Thomas"]
[Result "1/2-1/2"]
[WhiteElo "2326"]
[BlackElo "2165"]
[PlyCount "27"]
[EventDate "2021.08.09"]
[EventType "tourn"]
[EventRounds "9"]
[EventCountry "ENG"]

1. e4 e6 2. d4 d5 3. e5 c5 4. c3 Qb6 5. Nf3 Bd7 6. a3 Bb5 7. c4 Bxc4 8. Bxc4
dxc4 9. d5 exd5 10. Qxd5 Ne7 11. Qxc4 Qa6 12. Qxc5 Nd7 13. Qe3 Ng6 14. Qe2
1/2-1/2

[Event "Muswell Hill IM"]
[Site "London"]
[Date "2021.08.13"]
[Round "9.4"]
[White "Balaji, Aaravamudhan"]
[Black "Blackburn, Jonathan L B"]
[Result "1/2-1/2"]
[WhiteElo "2273"]
[BlackElo "2235"]
[PlyCount "52"]
[EventDate "2021.08.09"]
[EventType "tourn"]
[EventRounds "9"]
[EventCountry "ENG"]

1. d4 Nf6 2. c4 g6 3. Nc3 Bg7 4. e4 d6 5. Be2 O-O 6. Be3 c5 7. d5 e6 8. Nf3
exd5 9. cxd5 Bg4 10. Nd2 Bxe2 11. Qxe2 Re8 12. O-O Na6 13. Kh1 Nc7 14. a4 a6
15. a5 Nb5 16. Nxb5 axb5 17. Qxb5 Nxe4 18. Nc4 Qh4 19. Kg1 f5 20. g3 Qh3 21.
Rae1 h6 22. Nd2 g5 23. Nxe4 Rxe4 24. Bd2 Rh4 25. gxh4 Qg4+ 26. Kh1 Qf3+ 1/2-1/2